| 000 | 00767nam a22001935i 4500 | ||
|---|---|---|---|
| 001 | 162879 | ||
| 003 | ES-MaACL | ||
| 005 | 20250929063237.0 | ||
| 008 | 990909s1846 fr |||| | fre d | ||
| 040 |
_aCCPB | B _bspa _cCCPB | B |
||
| 100 | 1 |
_aRaczynski, Athanase, _cConde _9131556 |
|
| 245 | 1 | 4 |
_aLes arts en Portugal _b: lettres adresées a la Société Artistique et Scientifique de Berlin, et accompagnées de documens / _cpar le Comte A. Raczynski. |
| 260 |
_aParis : _bJules Renouard et C\pie\s, libraires-éditeurs, _c1846. |
||
| 300 |
_a[2], 548 p. ; _c22 cm. |
||
| 510 | 4 |
_aHoefer, _ct. 41, p. 433 |
|
| 752 |
_aFrancia - _dParís |
||
| 852 |
_aES-MaACL _jG-10199 _z-- Enc. hol. _x-- T300: Este ejemp. tiene 554 p. |
||
| 999 |
_c162879 _d162879 |
||